<?xml version="1.0" encoding="UTF-8"?>
<record
    xmlns:xsi="http://www.w3.org/2001/XMLSchema-instance"
    xsi:schemaLocation="http://www.loc.gov/MARC21/slim http://www.loc.gov/standards/marcxml/schema/MARC21slim.xsd"
    xmlns="http://www.loc.gov/MARC21/slim">

  <leader>00752nam a22001817a 4500</leader>
  <controlfield tag="008">230328b        |||||||| |||| 00| 0 eng d</controlfield>
  <datafield tag="020" ind1=" " ind2=" ">
    <subfield code="a">0-672-22664-2</subfield>
  </datafield>
  <datafield tag="040" ind1=" " ind2=" ">
    <subfield code="a">National Science Library</subfield>
    <subfield code="c">National Science Library</subfield>
  </datafield>
  <datafield tag="080" ind1=" " ind2=" ">
    <subfield code="a">D 681.324:006</subfield>
    <subfield code="b">M7</subfield>
  </datafield>
  <datafield tag="100" ind1=" " ind2=" ">
    <subfield code="a">Stallings, William</subfield>
    <subfield code="9">4703</subfield>
  </datafield>
  <datafield tag="245" ind1=" " ind2=" ">
    <subfield code="a">Handbook of computer communications standards</subfield>
  </datafield>
  <datafield tag="260" ind1=" " ind2=" ">
    <subfield code="a">Indianapolis: </subfield>
    <subfield code="b">Howard W Sams &amp; Company,</subfield>
    <subfield code="c">1987</subfield>
  </datafield>
  <datafield tag="300" ind1=" " ind2=" ">
    <subfield code="a">322p.</subfield>
  </datafield>
  <datafield tag="500" ind1=" " ind2=" ">
    <subfield code="3">Vol .1 (The open systems interconnection model and osi related standards): ISBN 0-672-22664-2, 322p.
Vol .2 (Local network standards): ISBN 0-672-22665-0, 244p.
Vol .3 (Department of defense protocol standard): ISBN 0-672-22666-9, 206p.</subfield>
  </datafield>
  <datafield tag="650" ind1=" " ind2=" ">
    <subfield code="a">LAN </subfield>
  </datafield>
  <datafield tag="653" ind1=" " ind2=" ">
    <subfield code="a">Computer</subfield>
  </datafield>
  <datafield tag="942" ind1=" " ind2=" ">
    <subfield code="2">udc</subfield>
    <subfield code="c">BK</subfield>
  </datafield>
  <datafield tag="999" ind1=" " ind2=" ">
    <subfield code="c">15963</subfield>
    <subfield code="d">15963</subfield>
  </datafield>
  <datafield tag="952" ind1=" " ind2=" ">
    <subfield code="0">0</subfield>
    <subfield code="1">0</subfield>
    <subfield code="2">udc</subfield>
    <subfield code="4">0</subfield>
    <subfield code="6">D_681324006_M7</subfield>
    <subfield code="7">0</subfield>
    <subfield code="9">23668</subfield>
    <subfield code="a">NSL</subfield>
    <subfield code="b">NSL</subfield>
    <subfield code="c">GF/Rk-4/C-14/R-1</subfield>
    <subfield code="d">1990-06-06</subfield>
    <subfield code="h">Vol. 1</subfield>
    <subfield code="l">0</subfield>
    <subfield code="o">D 681.324:006 M7</subfield>
    <subfield code="p">170834</subfield>
    <subfield code="r">2023-03-28 00:00:00</subfield>
    <subfield code="w">2023-03-28</subfield>
    <subfield code="y">BK</subfield>
  </datafield>
  <datafield tag="952" ind1=" " ind2=" ">
    <subfield code="0">0</subfield>
    <subfield code="1">0</subfield>
    <subfield code="2">udc</subfield>
    <subfield code="4">0</subfield>
    <subfield code="6">D_681324006_M7</subfield>
    <subfield code="7">0</subfield>
    <subfield code="9">23669</subfield>
    <subfield code="a">NSL</subfield>
    <subfield code="b">NSL</subfield>
    <subfield code="c">GF/Rk-4/C-14/R-1</subfield>
    <subfield code="d">1990-06-06</subfield>
    <subfield code="h">Vol. 3</subfield>
    <subfield code="l">0</subfield>
    <subfield code="o">D 681.324:006 M7</subfield>
    <subfield code="p">170833</subfield>
    <subfield code="r">2023-03-28 00:00:00</subfield>
    <subfield code="w">2023-03-28</subfield>
    <subfield code="y">BK</subfield>
  </datafield>
  <datafield tag="952" ind1=" " ind2=" ">
    <subfield code="0">0</subfield>
    <subfield code="1">0</subfield>
    <subfield code="2">udc</subfield>
    <subfield code="4">0</subfield>
    <subfield code="6">D_681324006_M7</subfield>
    <subfield code="7">0</subfield>
    <subfield code="9">23670</subfield>
    <subfield code="a">NSL</subfield>
    <subfield code="b">NSL</subfield>
    <subfield code="c">GF/Rk-4/C-14/R-1</subfield>
    <subfield code="d">1990-06-06</subfield>
    <subfield code="h">Vol. 2</subfield>
    <subfield code="l">0</subfield>
    <subfield code="o">D 681.324:006 M7</subfield>
    <subfield code="p">170832</subfield>
    <subfield code="r">2023-03-28 00:00:00</subfield>
    <subfield code="w">2023-03-28</subfield>
    <subfield code="y">BK</subfield>
  </datafield>
</record>
